00632nam a2200193Ia 4500003000900000008004100009020001800050040001600068080002200084245013800106260004200244300001500286650004100301650002000342650001400362650001200376700002200388700002800410IN-BaIIA211028s9999 xx 000 0 eng d a90-277-0988-2 cIIA Library a082.2:52bIAU-S83 0aMass loss and evolution of O-type starscedited by P. S. Conti and C. H. W. De Loore  aDordrechtbD. Reidel Publishingc1979 axix, 501p. aAstronomy and Astrophysics Thesaurus aEarly typestars aMass Loss aO-Stars aConti, P. S., ed. aDe Loore, C. H. W., ed.